000 00305nam a2200121Ia 4500
008 190216s9999||||xx |||||||||||||| ||und||
100 _aJames Edgar Swain
245 0 _aLokanagarikatayute Charithram
260 _bKerala Bhasha Institute
_c1975
300 _a1082p
650 _aWorld History
942 _cBK
999 _c38580
_d38580